MARC

LEADER 00000nam0a2200000 4500
001 55942
005 20231031053004.0
035 |a (RuTPU)RU\TPU\book\58732 
090 |a 55942 
100 |a 20030923d1967 k y0rusy50 ca 
101 0 |a rus 
102 |a RU 
105 |a a z 001zy 
200 1 |a Электронные полупроводниковые приборы  |f А. А. Маслов 
205 |a 2-е изд., перераб. 
210 |a Москва  |c Энергия  |d 1967 
215 |a 400 с.  |c ил. 
320 |a Библиогр.: с. 393-394. 
610 1 |a электроника 
610 1 |a полупроводниковые приборы 
610 1 |a полупроводники 
610 1 |a электропроводность 
610 1 |a полупроводниковые материалы 
610 1 |a полупроводниковые диоды 
610 1 |a полупроводниковые фотоприборы 
610 1 |a транзисторы 
610 1 |a электронно-дырочные переходы 
610 1 |a получение 
610 1 |a поверхности 
610 1 |a надежность 
675 |a 621.315.59  |v 3 
700 1 |a Маслов  |b А. А.  |g Алексей Андреевич 
801 1 |a RU  |b 63413507  |c 20030923  |g PSBO 
801 2 |a RU  |b 63413507  |c 20131126  |g PSBO 
942 |c BK